000 00594nam a22001817a 4500
999 _c193252
_d193252
005 20221018152519.0
010 _aENG-135482
020 _a9789390569410
_c125.00
035 _aEN-119014
037 _bDBAD/PUB
082 _a236.06
100 _asmmi, devapriya
245 _aJesus the trendsetter ;
_bfrom the feminist perspective/
_c by smmi, devapriya
260 _aDelhi
_bISPCK
_c2022
270 _a1585,1654, madarsa road kashmere gate
_bDelhi
_e110006
_k011-23866323
_mashish@ispck.org.in
300 _a125p.
_c22cm(pbk)
_bbibliography
942 _2ddc
_cEN
_mSAM
_h236.06